000 00354nam a2200145Ia 4500
008 230917s9999||||xx |||||||||||||| ||und||
020 _cRS25
040 _aMAIN
082 _ah.D201128
100 _aArya, Harphool Singh
245 0 _aBharat ka rajnitik evam sanskritik itihas
260 _aColage Book Depo
_b1977
300 _a578 p.
942 _cBK
999 _c153883
_d153883